| Tag |
First Indicator |
Second Indicator |
Subfields |
| LEADER |
00000cam a2200000Ia 4500 |
| 001 |
in00002821049 |
| 005 |
20151203084012.0 |
| 008 |
130215s1966 txu b 000 0 eng d |
| 035 |
|
|
|a (OCoLC)ocn827787723
|
| 035 |
|
|
|a (OCoLC)827787723
|
| 040 |
|
|
|a TXA
|c TXA
|d UtOrBLW
|
| 049 |
|
|
|a TXAM
|
| 050 |
|
4 |
|a SF197
|b .O44 1966
|
| 100 |
1 |
|
|a Oliver, W. M.
|
| 245 |
1 |
2 |
|a A review: Shape or weight in cattle for beef? /
|c W.M. Oliver.
|
| 246 |
1 |
6 |
|a Shape or weight in cattle for beef?
|
| 264 |
|
1 |
|a College Station, Tex :
|b Texas Agricultural Experiment Station, Texas A & M University,
|c 1966.
|
| 300 |
|
|
|a 21 leaves ;
|c 28 cm.
|
| 336 |
|
|
|a text
|b txt
|2 rdacontent
|
| 337 |
|
|
|a unmediated
|b n
|2 rdamedia
|
| 338 |
|
|
|a volume
|b nc
|2 rdacarrier
|
| 490 |
1 |
|
|a Departmental technical report ;
|v no. 6
|
| 500 |
|
|
|a Cover title.
|
| 500 |
|
|
|a "May 1966"
|
| 504 |
|
|
|a Includes bibliographical references.
|
| 650 |
|
0 |
|a Cattle
|x Weight.
|
| 650 |
|
0 |
|a Cattle
|x Size.
|
| 710 |
2 |
|
|a Texas Agricultural Experiment Station.
|
| 830 |
|
0 |
|a Departmental technical report (Texas A & M University. Department of Animal Science) ;
|v no. 6.
|
| 994 |
|
|
|a C0
|b TXA
|
| 948 |
|
|
|a cataloged
|b h
|c 2013/2/15
|d o
|e nbehmer
|f 10:36:29 am
|
| 999 |
|
|
|a MARS
|
| 999 |
f |
f |
|s b468610e-5001-3b2a-96b4-c40dd0b2ea33
|i 9e7a1950-8138-3536-8ef0-597be45ad959
|t 0
|
| 952 |
f |
f |
|p noncirc
|a Texas A&M University
|b College Station
|c Cushing Memorial Library & Archives
|d Cushing: Texas A&M Publications (Remote Storage: 2-3 day retrieval)
|t 0
|e SF197 .O44 1966
|h Library of Congress classification
|i unmediated -- volume
|
| 998 |
f |
f |
|a SF197 .O44 1966
|t 0
|l Cushing: Texas A&M Publications (Remote Storage: 2-3 day retrieval)
|